Ważne Postacie historyczne - Statystyki

Ogólne statystyki
  • Ten quiz został rozwiązany 589 razy
  • Średni wynik to 47 z 90
Statystyki odpowiedzi
Hint Odpowiedź % Poprawnych
Pierwszy Król Polski Bolesław Chrobry
98%
Zastał Polskę drewnianą a zostawił murowaną Kazimierz wielki
94%
Odkrył Amerykę Krzysztof Kolumb
89%
Dowodził Polskimi oddziałami pod Grunwaldem Władysław Jagiełło
81%
Polak który walczył za wolność Stanów Zjednoczonych Tadeusz Kościuszko
80%
Ostatni król Polski Stanisław August Poniatowski
79%
Autor słów Litwo, Ojczyzno moja! ty jesteś jak zdrowie Adam Mickiewicz
78%
Sowiecki przywódca z czasów II wojny światowej Józef Stalin
78%
Autor Mona lisy Leonardo Da Vinci
78%
Najsłynniejszy Polski żołnierz w bitwie pod Grunwaldem Zawisza czarny
78%
Polska chemiczka odkrywczyni polonu i radu Maria Skłodowska Currie
76%
Kanclerz Rzeszy z czasów II wojny światowej Adolf Hitler
75%
Jako pierwszy opłynął świat dookoła Ferdynand Magellan
75%
Rzymski Cesarz, zdobywca Galii Juliusz Cezar
75%
Misjonarz męczennik, patron Polski Czech i Węgier Święty Wojciech
75%
Polski malarz który namalował między innymi Bitwę pod Grunwaldem Jan Matejko
74%
Twórca teorii względności Albert Einstein
73%
Autor słów Mazurka Dąbrowskiego Józef Wybicki
73%
Wstrzymał ziemię ruszył słońce Mikołaj Kopernik
72%
Autor trylogii Henryk Sienkiewicz
71%
Włoski faszystowski dyktator Benito Mussolini
70%
Twórca zasad dynamiki Isaac Newton
70%
Przywódca Solidarności Lech Wałęsa
70%
Autor Kordiana Juliusz Słowacki
69%
Twórca teorii ewolucji Karol Darwin
69%
Autor Iliady i Odysei Homer
68%
Niemiecki reformator religijny Marcin Luter
68%
Słynny Polski pianista na rzecz którego grane są co roku koncerty pod jego nazwiskiem Fryderyk Chopin
67%
Amerykański prezydent zamordowany podczas przejazdu samochodem John Kennedy
66%
Ściągnął Krzyżaków do Polski Konrad Mazowiecki
65%
Wielki francuski przywódca, do władzy doszedł w wyniku rewolucji Napoleon Bonaparte
65%
Starożytny wódz Macedonii zwany wielkim Aleksander Macedoński
63%
Wprowadził w Polsce stan wojenny Wojciech Jaruzelski
63%
Przywódca rewolucji październikowej Włodzimierz Lenin
62%
Pierwszy prezydent Rzeczypospolitej Polskiej Gabriel Narutowicz
61%
Pierwszy Polski kronikarz Gall Anonim
61%
Pierwszy człowiek który wylądował na księżycu Neil Armstrong
61%
Słynny holenderski malarz Vincent van gogh
61%
Wynalazca Dynamitu Alfred Nobel
60%
Polski król podczas odsieczy wiedeńskiej Jan Sobieski
60%
Pierwszy elekcyjny król Polski Henryk Walezy
59%
Przywódca rewolucji Kubańskiej Fidel Castro
58%
Rosyjski pies który jako pierwszy poleciał w kosmos Łajka
58%
Spartański dowódca który zginął pod Termopilami Leonidas
58%
Prorok w islamie Mahomet
55%
Chiński wódz komunistyczny, odpowiedzialny za śmierć mnóstwa ludzi Mao Zedong
55%
Wynalazca prasy drukarskiej Johann Gutenberg
54%
Najsłynniejszy Baron narkotykowy, pochodził z Kolumbii Pablo Escobar
54%
Wynalazca żarówki Thomas Edison
54%
Pierwszy prezydent Stanów Zjednoczonych George Washington
53%
Polski wojskowy który podczas II wojny światowej dobrowolnie oddał się do obozu koncentracyjnego Witold Pilecki
53%
Tak zwana dziewica Orleańska Joanna d’Arc
52%
Król który przyjął hołd pruski Zygmunt I stary
52%
Wielki dowódca Kartaginy kojarzony ze słoniami Hannibal
51%
Caryca Rosji która miała romans z ostatnim królem Polski Katarzyna Wielka
51%
Walczył za prawa osób czarnoskórych Martin Luther King
51%
Dawny przywódca Ruchu Narodowego, przeciwnik Piłsudskiego Roman Dmowski
50%
Islamski terrorysta, odpowiadał za zamach na world trade center Osama Bin Laden
49%
Założyciel firmy Apple Steve Jobs
47%
Niemiecki kompozytor muzyczny znany z tego że był głuchy Ludwig van Beethoven
46%
Przywódca partii PPS późniejszy wódz Polski Józef Piłsudski
45%
Założyciel Korei Północnej Kim Ir Sen
45%
Osmański Sułtan określany mianem wspaniałego Sulejman I
44%
Angielski król z czasów wypraw krzyżowych, jego przydomek to lwie serce Ryszard Lwie Serce
42%
Wielki chan Mongołów Czyngis Chan
41%
Zwany lisem pustyni Erwin Rommel
39%
Niemiecki szef gestapo Heinrich Himmler
39%
Komendant obozu w Auschwitz znany z brutalnych eksperymentów Joseph Mengele
38%
Czeski reformator religijny Jan Hus
35%
Zamordowanie go stało się przyczyną wybuchu I wojny światowej Franciszek Ferdynand Habsburg
33%
Władca który zginął podczas powyższej rewolucji Mikołaj II Romanow
33%
Dowódca polskiej brygady spadochronowej, walczył pod Monte Cassino Władysław Anders
33%
Przywódca powstania listopadowego Józef Chłopicki
31%
Wielki wódz Hunów Attyla
29%
Cesarz który zjednoczył Niemcy Cesarz Fryderyk
26%
Wołoski Przywódca znany z nabijania wrogów na pal Wlad Palownik
26%
Autor słów "Piłka jest okrągła, a bramki są dwie" Kazimierz Górski
24%
Słynny Muzułmański dowódca z czasów wypraw krzyżowych Saladyn
23%
Prezydent Warszawy podczas kampanii wrześniowej Stefan Starzyński
23%
Fiński snajper z czasów wojny radziecko Fińskiej Simo Häyhä
22%
Brytyjski przeciwnik lisa pustyni Bernard Law Montgomery
20%
Najsłynniejszy przywódca Azteków Montezuma II
20%
Najsłynniejszy egipski faraon Tutanchamon
20%
Szkocki wojownik przywódca walk z Anglikami William Wallace
10%
Przywódca taborytów w czasie wojen husyckich, czeski bohater narodowy Jan Žižka
9%
Radziecki Snajper, postrach Stalingradu Wasilij Zajcew
7%
Słynny wódz wikingów który rozpoczął najazdy na Anglię Ragnar Lothbrok
5%
Hiszpański bohater narodowy z czasów rekonkwisty, zwany walecznym El Cyd
2%
Rosyjski Generał odpowiedzialny za obronę Rosji przed Niemcami Gieorgij Zhukov
2%
Baron narkotykowy który zjednoczył kartele w Meksyku Miguel Angel Felix Gallardo
2%
Nie znaleziono quizów pasujących do podanych kryteriów
Rozkład punktacji
Procent ludzi z każdym wynikiem
Percentyl według liczby udzielonych odpowiedzi
Twoja historia wyników
Nie rozwiązałeś tego quizu